Benjamin (VO) v Anston Properties Ltd (Record no. 54401)

MARC details
000 -LEADER
fixed length control field 01296cab a2200253 4500
001 - CONTROL NUMBER
control field ABS58803
008 - FIXED-LENGTH DATA ELEMENTS--GENERAL INFORMATION
fixed length control field 090401t1998 xxu||||| |||| 00| 0 eng d
035 ## - SYSTEM CONTROL NUMBER
System control number (Sirsi) u86435
041 ## - LANGUAGE CODE
Language code of text/sound track or separate title eng
245 ## - TITLE STATEMENT
Title Benjamin (VO) v Anston Properties Ltd
260 ## - PUBLICATION, DISTRIBUTION, ETC.
Date of publication, distribution, etc. 1998
350 ## - PRICE (NR) (BK AM CF MU VM SE) [OBSOLETE]
Price 0
490 ## - SERIES STATEMENT
Series statement Estates Gazette
Volume/sequential designation [1998] 19 EG 163-169(7)
520 ## - SUMMARY, ETC.
Summary, etc. LT 22 April 1998. The valuation officer (B) appealed against a decision by the Valuation Tribunal that an assessment of office buildings be reduced from £272,000 to £11,751 as the building was in disrepair, and that the agreed cost of bringing it to its market value would be £300,000. The Lands Tribunal ordered that a point of law be determined as to whether the hereditament be valued as it physically was, or that any disrepair had been remedied by a hypothetical landlord save that which falls to be excluded by virtue of an economic test. "Held" for the former point; appeal dismissed.
650 ## - SUBJECT ADDED ENTRY--TOPICAL TERM
Topical term or geographic name entry element BENJAMIN (VO) V ANSTON PROPERTIES LTD
650 ## - SUBJECT ADDED ENTRY--TOPICAL TERM
Topical term or geographic name entry element CIVIL AVIATION AUTHORITY V LANGFORD
650 ## - SUBJECT ADDED ENTRY--TOPICAL TERM
Topical term or geographic name entry element DISREPAIR
650 ## - SUBJECT ADDED ENTRY--TOPICAL TERM
Topical term or geographic name entry element HYPOTHETICAL LEASE
650 ## - SUBJECT ADDED ENTRY--TOPICAL TERM
Topical term or geographic name entry element LOCAL GOVERNMENT FINANCE ACT 1988 SCHED 6
650 ## - SUBJECT ADDED ENTRY--TOPICAL TERM
Topical term or geographic name entry element SAUNDERS V MALTBY (VO)
690 ## - LOCAL SUBJECT ADDED ENTRY--TOPICAL TERM (OCLC, RLIN)
Topical term or geographic name as entry element RATING AND VALUATION-CASE LAW
942 ## - ADDED ENTRY ELEMENTS (KOHA)
Suppress in OPAC 0
948 ## - LOCAL PROCESSING INFORMATION (OCLC); SERIES PART DESIGNATOR (RLIN)
c (OCLC) 28/05/1998
Holdings
Withdrawn status Lost status Source of classification or shelving scheme Damaged status Not for loan Home library Current library Shelving location Date acquired Total Checkouts Full call number Barcode Date last seen Copy number Price effective from Koha item type
    Dewey Decimal Classification     London London Journal article 14/09/1999   ABS58803 86435-1001 06/08/2019 1 06/08/2019 Law report